| 000 | 00709nam a2200217Ia 4500 | ||
|---|---|---|---|
| 003 | GCL | ||
| 008 | 140319s9999 xx 000 0 ara d | ||
| 040 |
_aGCL / _cGCL |
||
| 082 | 0 | 4 |
_a953.302 _bع ت |
| 100 | 1 | _aعمر عبدالله بامحسون | |
| 245 | 1 | 0 |
_aالتطور السياسى والدستورى فى اليمن الديمقراطية 1967-1937 م / _cعمر عبدالله بامحسون |
| 260 |
_a[S.N] : _bمكتبة مصر |
||
| 300 | _a405 ص | ||
| 490 | _a | ||
| 650 | 0 | 4 | _aالعصر الحديث |
| 650 | 0 | 4 | _aتاريخ |
| 650 | 0 | 4 | _aالاحوال السياسية |
| 650 | 0 | 4 | _aالاحتلال البريطانى |
| 650 | 0 | 4 | _aاليمن الجنوبى |
| 942 |
_2ddc _cBK |
||
| 999 |
_c32380 _d32380 |
||